000
00296 a2200145 4500
001
160477
020
_a
85-15-00141-1
040
_c
Magnum
240
1
0
_a
A flauta mágica
_l
por
245
1
0
_a
A flauta mágica
300
_a
16
440
1
_a
Loyola
697
_a
LITERATURA INFANTO
942
_c
BK
999
_c
160477
_d
160477